000 01141nam a2200289 4500
001 0000023530
003 CO-CtgCURN
005 20250429224129.0
007 ta
008 160627s2010 000 0 eng d
020 _a9789589861936
040 _aCO-CtgCURN
_bspa
_ccoctgcurn
082 0 _a362.8292
_bSn19
100 1 _aSánchez Gómez, Olga Amparo.
245 1 1 _a·Sera que a las mujeres nos matan porque nos aman? :
_bfeminicidios en Colombia 2002-2009 /
_cOlga Amparo Sánchez Gómez.
260 _aBogotá :
_bCasa de la Mujer,
_c2010.
300 _a111 p.
336 _2rdacontent
337 _2rdamedia
_asin mediacion
_bn
338 _2rdacarrier
_avolumen
_bnc
504 _aIncluye bibliografia ( p.103-107)
505 8 _aPrecisiones de orden metodologico.--La obligacion de la debida diligencia por el Estado colombiano.--Las violencias, un continuum en la vida de las mujeres.--El Estado colombiano en cumplimiento de la debida diligencia
650 1 4 _aViolencia familiar.
908 _a160627
942 _cBK
_h362.8292
_iSn19
_2ddc
999 _c40086
_d40086